000 00935 a2200445 4500
000 BKB
001 071116
005 20200902150929.0
008
010 _a
020 _a
082 _a515.353
_bC67I
100 1 _aP. Coleman, Matthew P.
110 _a
245 1 _aAn Introduction to partial differential equations with MATLAB
_cby Matthew P. Coleman
250 _a
260 _aLondon
_bChapman & Hall
_c2010
300 _a671p.
490 _a
_v
500 _a
600 _a
610 _a
611 _a
630 _a
650 _a
651 _a
654 _a
690 _aMATLAB; Differential equations, Partial--Numerical solutions
700 _a
_b
_c
710 _a
_b
_c
711 _a
720 _a
730 _a
740 _a
752 _a
856 _a
_d
_f
904 _a
964 _a
_b
_c
_d
_e
_f
_g
965 _a
999 _c4471
_d4471